[Event "ODJM B 2018"]
[Site "Willingen GER"]
[Date "2018.05.23"]
[Round "6"]
[White "Breß, Aaron"]
[Black "Grunert, Wilhelm"]
[Result "1-0"]
[Termination "normal"]
[Board "4"]
[WhiteElo "1701"]
[BlackElo "1607"]
[WhiteClock "00:01:13"]
[BlackClock "01:24:12"]
[PlyCount "83"]
[WhiteFideId "12996432"]
[BlackFideId "12995673"]
[EventCountry "GER"]
[EventRounds "9"]
[EventType "swiss"]
[EventDate "2018.05.19"]

1. e4 {[%clk 1:30:28]} 1... c5 {[%clk 1:30:54]} 2. Nf3 {[%clk 1:30:27]} 2...
Nc6 {[%clk 1:31:03]} 3. d4 {[%clk 1:30:15]} 3... cxd4 {[%clk 1:31:23]} 4. Nxd4
{[%clk 1:30:26]} 4... Nf6 {[%clk 1:31:31]} 5. Nc3 {[%clk 1:30:37]} 5... e5 {
[%clk 1:31:46]} 6. Ndb5 {[%clk 1:28:47]} 6... d6 {[%clk 1:32:08]} 7. Bg5 {
[%clk 1:25:52]} 7... a6 {[%clk 1:31:27]} 8. Na3 {[%clk 1:25:17]} 8... b5 {
[%clk 1:31:46]} 9. Nd5 {[%clk 1:24:06]} 9... Be7 {[%clk 1:32:09]} 10. Bxf6 {
[%clk 1:22:14]} 10... Bxf6 {[%clk 1:32:32]} 11. c3 {[%clk 1:19:55]} 11... Bg5 {
[%clk 1:32:54]} 12. Nc2 {[%clk 1:18:55]} 12... O-O {[%clk 1:33:16]} 13. Be2 {
[%clk 1:14:42]} 13... Be6 {[%clk 1:31:48]} 14. Nce3 {[%clk 1:13:02]} 14... Rb8
{[%clk 1:30:52]} 15. O-O {[%clk 1:11:40]} 15... a5 {[%clk 1:30:46]} 16. Qc2 {
[%clk 1:03:31]} 16... b4 {[%clk 1:30:41]} 17. Rfd1 {[%clk 0:58:00]} 17... Kh8 {
[%clk 1:30:45]} 18. Qa4 {[%clk 0:48:29]} 18... Qd7 {[%clk 1:29:49]} 19. Bb5 {
[%clk 0:44:39]} 19... Rfc8 {[%clk 1:28:54]} 20. cxb4 {[%clk 0:41:18]} 20...
Bxe3 {[%clk 1:27:33]} 21. fxe3 {[%clk 0:21:38]} 21... axb4 {[%clk 1:26:44]} 22.
Nxb4 {[%clk 0:19:42]} 22... Qb7 {[%clk 1:26:49]} 23. Nxc6 {[%clk 0:16:00]}
23... Ra8 {[%clk 1:25:57]} 24. Na5 {[%clk 0:12:20]} 24... Qa7 {[%clk 1:26:04]}
25. b4 {[%clk 0:11:38]} 25... Qxe3+ {[%clk 1:26:02]} 26. Kh1 {[%clk 0:11:25]}
26... Qxe4 {[%clk 1:26:24]} 27. Bd3 {[%clk 0:03:32]} 27... Qg4 {[%clk 1:25:11]}
28. Rac1 {[%clk 0:02:26]} 28... Bd5 {[%clk 1:22:48]} 29. Bf1 {[%clk 0:02:24]}
29... h6 {[%clk 1:21:55]} 30. Qb5 {[%clk 0:02:23]} 30... Be4 {[%clk 1:21:06]}
31. Qe2 {[%clk 0:01:54]} 31... Qg5 {[%clk 1:21:15]} 32. Rxc8+ {[%clk 0:02:02]}
32... Rxc8 {[%clk 1:21:44]} 33. Qxe4 {[%clk 0:02:21]} 33... Rc1 {[%clk 1:21:54]
} 34. Rxc1 {[%clk 0:01:41]} 34... Qxc1 {[%clk 1:22:19]} 35. Qa8+ { [%clk
0:01:34]} 35... Kh7 {[%clk 1:22:40]} 36. Qe4+ {[%clk 0:02:00]} 36... Kh8 {[%clk
1:22:51]} 37. Qf3 {[%clk 0:02:19]} 37... e4 {[%clk 1:23:12]} 38. Qxf7 { [%clk
0:02:07]} 38... e3 {[%clk 1:23:33]} 39. Qf8+ {[%clk 0:02:27]} 39... Kh7 { [%clk
1:23:56]} 40. Qf3 {[%clk 0:01:49]} 40... d5 {[%clk 1:23:58]} 41. Nb3 { [%clk
0:01:38]} 41... Qb1 {[%clk 1:24:12]} 42. h3 {[%clk 0:01:13]} 1-0

[Event "ODJM B 2018"]
[Site "Willingen GER"]
[Date "2018.05.23"]
[Round "6"]
[White "Wieber, Dominik"]
[Black "Udaykumar, Arunn Mark"]
[Result "1/2-1/2"]
[Termination "normal"]
[Board "5"]
[WhiteElo "1790"]
[BlackElo "1765"]
[WhiteClock "01:19:32"]
[BlackClock "01:17:56"]
[PlyCount "40"]
[WhiteFideId "24699012"]
[BlackFideId "12965456"]
[EventCountry "GER"]
[EventRounds "9"]
[EventType "swiss"]
[EventDate "2018.05.19"]

1. c4 {[%clk 1:30:57]} 1... c5 {[%clk 1:30:54]} 2. g3 {[%clk 1:31:00]} 2... g6
{[%clk 1:31:00]} 3. Bg2 {[%clk 1:30:34]} 3... Bg7 {[%clk 1:30:19]} 4. Nc3 {
[%clk 1:27:11]} 4... Nc6 {[%clk 1:29:49]} 5. d3 {[%clk 1:27:17]} 5... d6 {
[%clk 1:29:47]} 6. Nf3 {[%clk 1:27:26]} 6... Nf6 {[%clk 1:29:15]} 7. O-O {
[%clk 1:25:30]} 7... O-O {[%clk 1:28:39]} 8. e4 {[%clk 1:25:17]} 8... e5 {
[%clk 1:27:51]} 9. a3 {[%clk 1:24:00]} 9... a6 {[%clk 1:26:05]} 10. h3 { [%clk
1:23:22]} 10... h6 {[%clk 1:24:06]} 11. Rb1 {[%clk 1:23:27]} 11... Rb8 { [%clk
1:19:56]} 12. b4 {[%clk 1:20:51]} 12... cxb4 {[%clk 1:19:01]} 13. axb4 { [%clk
1:21:09]} 13... b5 {[%clk 1:16:45]} 14. cxb5 {[%clk 1:21:20]} 14... axb5 {[%clk
1:17:07]} 15. Be3 {[%clk 1:19:15]} 15... Be6 {[%clk 1:17:11]} 16. Qd2 { [%clk
1:19:14]} 16... Qd7 {[%clk 1:17:04]} 17. Kh2 {[%clk 1:19:21]} 17... Kh7 { [%clk
1:17:18]} 18. Rfc1 {[%clk 1:19:24]} 18... Rfc8 {[%clk 1:17:24]} 19. Ne2 { [%clk
1:19:08]} 19... Ne7 {[%clk 1:17:33]} 20. Rxc8 {[%clk 1:19:32]} 20... Rxc8
{[%clk 1:17:56]} 1/2-1/2

[Event "ODJM B 2018"]
[Site "Willingen GER"]
[Date "2018.05.23"]
[Round "6"]
[White "Adelmeyer, Matti"]
[Black "Bilecen, Simon"]
[Result "1/2-1/2"]
[Termination "normal"]
[Board "6"]
[WhiteElo "1733"]
[BlackElo "1580"]
[WhiteClock "00:27:43"]
[BlackClock "00:25:25"]
[PlyCount "96"]
[WhiteFideId "12962520"]
[BlackFideId "16225511"]
[EventCountry "GER"]
[EventRounds "9"]
[EventType "swiss"]
[EventDate "2018.05.19"]

1. e4 {[%clk 1:30:53]} 1... c5 {[%clk 1:30:16]} 2. c3 {[%clk 1:31:12]} 2... Nf6
{[%clk 1:30:11]} 3. e5 {[%clk 1:31:35]} 3... Nd5 {[%clk 1:30:22]} 4. d4 { [%clk
1:31:34]} 4... cxd4 {[%clk 1:30:31]} 5. cxd4 {[%clk 1:31:03]} 5... e6 { [%clk
1:30:10]} 6. Nc3 {[%clk 1:28:41]} 6... Nxc3 {[%clk 1:28:00]} 7. bxc3 { [%clk
1:29:05]} 7... d6 {[%clk 1:26:59]} 8. Nf3 {[%clk 1:25:48]} 8... dxe5 { [%clk
1:25:02]} 9. Nxe5 {[%clk 1:25:42]} 9... Bd6 {[%clk 1:23:29]} 10. Bf4 { [%clk
1:17:28]} 10... O-O {[%clk 1:19:27]} 11. Bd3 {[%clk 1:09:54]} 11... Nd7 { [%clk
1:09:30]} 12. Nxf7 {[%clk 1:05:17]} 12... Rxf7 {[%clk 1:04:26]} 13. Bxd6 {[%clk
1:05:40]} 13... Nf6 {[%clk 0:53:58]} 14. Bg3 {[%clk 1:03:51]} 14... Qa5 {[%clk
0:53:01]} 15. Qc2 {[%clk 1:02:42]} 15... Bd7 {[%clk 0:52:09]} 16. O-O { [%clk
1:01:53]} 16... Ba4 {[%clk 0:51:20]} 17. Qb2 {[%clk 1:00:09]} 17... Nd5 { [%clk
0:48:26]} 18. c4 {[%clk 0:56:07]} 18... Nb4 {[%clk 0:43:32]} 19. Qd2 { [%clk
0:51:42]} 19... Rd8 {[%clk 0:39:49]} 20. Be4 {[%clk 0:47:54]} 20... Bc6 { [%clk
0:39:34]} 21. Bxh7+ {[%clk 0:34:07]} 21... Kxh7 {[%clk 0:38:06]} 22. a3 { [%clk
0:32:01]} 22... Qb6 {[%clk 0:36:54]} 23. c5 {[%clk 0:30:23]} 23... Qxc5 { [%clk
0:32:48]} 24. dxc5 {[%clk 0:30:40]} 24... Rxd2 {[%clk 0:33:09]} 25. axb4 {[%clk
0:31:06]} 25... a6 {[%clk 0:32:00]} 26. Rad1 {[%clk 0:28:16]} 26... Rb2 {[%clk
0:28:09]} 27. Rd4 {[%clk 0:27:42]} 27... Rf5 {[%clk 0:26:24]} 28. Re1 { [%clk
0:20:44]} 28... Bd5 {[%clk 0:25:11]} 29. f3 {[%clk 0:18:34]} 29... Rg5 { [%clk
0:23:06]} 30. Re5 {[%clk 0:15:04]} 30... Rg6 {[%clk 0:19:20]} 31. Kf1 { [%clk
0:13:35]} 31... Rc2 {[%clk 0:18:27]} 32. Bf2 {[%clk 0:05:24]} 32... Bc4+ {[%clk
0:17:32]} 33. Kg1 {[%clk 0:04:58]} 33... Bd5 {[%clk 0:17:08]} 34. Rf4 { [%clk
0:04:53]} 34... Rc3 {[%clk 0:15:12]} 35. Re3 {[%clk 0:04:25]} 35... Rc1+ {[%clk
0:15:25]} 36. Be1 {[%clk 0:04:30]} 36... Rc2 {[%clk 0:15:13]} 37. g3 { [%clk
0:03:51]} 37... Rf6 {[%clk 0:15:25]} 38. Rxf6 {[%clk 0:02:57]} 38... gxf6
{[%clk 0:15:54]} 39. h4 {[%clk 0:02:48]} 39... f5 {[%clk 0:13:33]} 40. Rd3 {
[%clk 0:01:05]} 40... Kg6 {[%clk 0:09:15]} 41. f4 {[%clk 0:28:37]} 41... Rg2+ {
[%clk 0:27:02]} 42. Kf1 {[%clk 0:29:02]} 42... Bc4 {[%clk 0:27:15]} 43. Kxg2 {
[%clk 0:29:21]} 43... Bxd3 {[%clk 0:27:38]} 44. Kf3 {[%clk 0:29:10]} 44... Be4+
{[%clk 0:27:08]} 45. Ke3 {[%clk 0:29:32]} 45... Kh5 {[%clk 0:26:57]} 46. Kd4 {
[%clk 0:29:09]} 46... Bd5 {[%clk 0:26:04]} 47. Ke5 {[%clk 0:28:47]} 47... Bc4 {
[%clk 0:25:50]} 48. Kd6 {[%clk 0:27:43]} 48... Bd5 {[%clk 0:25:25]} 1/2-1/2

[Event "ODJM B 2018"]
[Site "Willingen GER"]
[Date "2018.05.23"]
[Round "6"]
[White "Kublanov, Carolin"]
[Black "Petri, Ben-Luca"]
[Result "0-1"]
[Termination "normal"]
[Board "7"]
[WhiteElo "1750"]
[BlackElo "1767"]
[WhiteClock "00:02:26"]
[BlackClock "01:03:09"]
[PlyCount "62"]
[WhiteFideId "12944548"]
[BlackFideId "12947261"]
[EventCountry "GER"]
[EventRounds "9"]
[EventType "swiss"]
[EventDate "2018.05.19"]

1. e4 {[%clk 1:30:55]} 1... e5 {[%clk 1:30:54]} 2. Nf3 {[%clk 1:31:18]} 2...
Nc6 {[%clk 1:31:18]} 3. Bc4 {[%clk 1:31:36]} 3... Bc5 {[%clk 1:31:42]} 4. b4 {
[%clk 1:31:44]} 4... Bxb4 {[%clk 1:32:06]} 5. c3 {[%clk 1:32:08]} 5... Be7 {
[%clk 1:32:34]} 6. d4 {[%clk 1:32:15]} 6... Na5 {[%clk 1:32:56]} 7. Be2 { [%clk
1:28:55]} 7... d6 {[%clk 1:33:18]} 8. Qa4+ {[%clk 1:22:07]} 8... c6 { [%clk
1:32:42]} 9. dxe5 {[%clk 1:20:43]} 9... dxe5 {[%clk 1:33:05]} 10. Nxe5 { [%clk
1:19:40]} 10... Nf6 {[%clk 1:33:27]} 11. Nd2 {[%clk 1:17:50]} 11... O-O { [%clk
1:33:21]} 12. O-O {[%clk 1:17:29]} 12... Qc7 {[%clk 1:32:14]} 13. Nef3 { [%clk
1:14:07]} 13... b6 {[%clk 1:27:57]} 14. Bb2 {[%clk 1:11:15]} 14... Nb7 { [%clk
1:27:07]} 15. Rad1 {[%clk 1:07:02]} 15... Nc5 {[%clk 1:27:29]} 16. Qc2 { [%clk
1:06:33]} 16... Bg4 {[%clk 1:26:40]} 17. Rfe1 {[%clk 0:54:32]} 17... Bh5 {[%clk
1:25:13]} 18. Nd4 {[%clk 0:41:16]} 18... Bxe2 {[%clk 1:23:26]} 19. Rxe2 {[%clk
0:39:06]} 19... Rfe8 {[%clk 1:23:01]} 20. c4 {[%clk 0:32:55]} 20... Nfd7 {[%clk
1:20:45]} 21. N2f3 {[%clk 0:23:57]} 21... Bf6 {[%clk 1:19:13]} 22. Re3 { [%clk
0:21:05]} 22... Rad8 {[%clk 1:19:03]} 23. Rde1 {[%clk 0:19:29]} 23... Ne5
{[%clk 1:18:12]} 24. Nf5 {[%clk 0:16:50]} 24... Nxf3+ {[%clk 1:11:47]} 25. Rxf3
{[%clk 0:17:03]} 25... Bxb2 {[%clk 1:10:37]} 26. Qxb2 {[%clk 0:16:40]} 26...
Qe5 {[%clk 1:10:51]} 27. Qc1 {[%clk 0:11:57]} 27... Ne6 {[%clk 1:05:10]} 28.
Rg3 {[%clk 0:07:25]} 28... Kh8 {[%clk 1:04:33]} 29. Rd1 {[%clk 0:04:23]} 29...
Rxd1+ {[%clk 1:02:45]} 30. Qxd1 {[%clk 0:04:42]} 30... Rd8 {[%clk 1:02:43]} 31.
Qg4 {[%clk 0:02:26]} 31... Qa1+ {[%clk 1:03:09]} 0-1

[Event "ODJM B 2018"]
[Site "Willingen GER"]
[Date "2018.05.23"]
[Round "6"]
[White "Oberhofer, Marie"]
[Black "Weimert, Miriam"]
[Result "1/2-1/2"]
[Termination "normal"]
[Board "8"]
[WhiteElo "1751"]
[BlackElo "1797"]
[WhiteClock "00:05:42"]
[BlackClock "00:12:25"]
[PlyCount "59"]
[WhiteFideId "12938165"]
[BlackFideId "12966703"]
[EventCountry "GER"]
[EventRounds "9"]
[EventType "swiss"]
[EventDate "2018.05.19"]

1. e4 {[%clk 1:30:58]} 1... c5 {[%clk 1:30:52]} 2. Nf3 {[%clk 1:31:22]} 2...
Nc6 {[%clk 1:31:10]} 3. d4 {[%clk 1:31:47]} 3... cxd4 {[%clk 1:31:17]} 4. Nxd4
{[%clk 1:32:11]} 4... e5 {[%clk 1:31:41]} 5. Nb5 {[%clk 1:32:22]} 5... d6 {
[%clk 1:31:49]} 6. N1c3 {[%clk 1:31:45]} 6... a6 {[%clk 1:31:45]} 7. Na3 {
[%clk 1:32:09]} 7... b5 {[%clk 1:31:54]} 8. Nd5 {[%clk 1:31:48]} 8... Nge7 {
[%clk 1:31:05]} 9. Bg5 {[%clk 1:22:28]} 9... h6 {[%clk 1:27:21]} 10. Bh4 {
[%clk 1:06:41]} 10... Qa5+ {[%clk 1:17:36]} 11. c3 {[%clk 0:56:54]} 11... Nxd5
{[%clk 1:10:15]} 12. Qxd5 {[%clk 0:53:42]} 12... Qc7 {[%clk 1:09:12]} 13. Be2 {
[%clk 0:52:18]} 13... Bb7 {[%clk 1:08:26]} 14. Qd2 {[%clk 0:52:07]} 14... Ne7 {
[%clk 1:07:52]} 15. f3 {[%clk 0:45:16]} 15... Ng6 {[%clk 1:07:00]} 16. Bf2 {
[%clk 0:43:08]} 16... Be7 {[%clk 1:05:49]} 17. O-O {[%clk 0:41:44]} 17... O-O {
[%clk 1:04:24]} 18. c4 {[%clk 0:37:21]} 18... Bg5 {[%clk 0:59:27]} 19. Be3 {
[%clk 0:33:41]} 19... Nf4 {[%clk 0:51:40]} 20. cxb5 {[%clk 0:31:34]} 20... Rfd8
{[%clk 0:36:17]} 21. Rfc1 {[%clk 0:23:05]} 21... Qe7 {[%clk 0:34:08]} 22. bxa6
{[%clk 0:17:42]} 22... Bxa6 {[%clk 0:30:29]} 23. Bxa6 {[%clk 0:17:38]} 23...
Rxa6 {[%clk 0:30:57]} 24. g3 {[%clk 0:13:56]} 24... Ne6 {[%clk 0:29:00]} 25.
Bxg5 {[%clk 0:12:11]} 25... Nxg5 {[%clk 0:29:28]} 26. Qe3 {[%clk 0:11:15]}
26... Qb7 {[%clk 0:19:41]} 27. Nc4 {[%clk 0:10:17]} 27... Qb8 {[%clk 0:17:49]}
28. b3 {[%clk 0:09:02]} 28... Qa8 {[%clk 0:15:16]} 29. Rc2 {[%clk 0:08:11]}
29... f5 {[%clk 0:12:25]} 30. h4 {[%clk 0:05:42]} 1/2-1/2

[Event "ODJM B 2018"]
[Site "Willingen GER"]
[Date "2018.05.23"]
[Round "6"]
[White "Zha, Kevin"]
[Black "Diegel, Jonas"]
[Result "0-1"]
[Termination "normal"]
[Board "9"]
[WhiteElo "1596"]
[BlackElo "1712"]
[WhiteClock "00:20:43"]
[BlackClock "00:04:11"]
[PlyCount "70"]
[WhiteFideId "16208951"]
[BlackFideId "16206061"]
[EventCountry "GER"]
[EventRounds "9"]
[EventType "swiss"]
[EventDate "2018.05.19"]

1. e4 {[%clk 1:30:59]} 1... e6 {[%clk 1:30:56]} 2. d4 {[%clk 1:31:27]} 2... d5
{[%clk 1:31:22]} 3. exd5 {[%clk 1:31:51]} 3... exd5 {[%clk 1:31:49]} 4. c4 {
[%clk 1:32:18]} 4... Nf6 {[%clk 1:32:14]} 5. Nc3 {[%clk 1:32:46]} 5... Be7 {
[%clk 1:32:41]} 6. Nf3 {[%clk 1:33:12]} 6... Be6 {[%clk 1:32:57]} 7. Qb3 {
[%clk 1:29:40]} 7... b6 {[%clk 1:24:13]} 8. Be2 {[%clk 1:25:49]} 8... O-O {
[%clk 1:24:08]} 9. O-O {[%clk 1:23:36]} 9... Nc6 {[%clk 1:22:02]} 10. Qb5 {
[%clk 1:19:42]} 10... Bd7 {[%clk 1:14:43]} 11. Qb3 {[%clk 1:16:58]} 11... Na5 {
[%clk 1:14:21]} 12. Qc2 {[%clk 1:15:37]} 12... dxc4 {[%clk 1:08:36]} 13. Ne5 {
[%clk 1:14:31]} 13... Be6 {[%clk 1:07:58]} 14. Be3 {[%clk 1:14:41]} 14... c6 {
[%clk 1:05:05]} 15. Rad1 15... Qc7 {[%clk 1:04:39]} 16. Nb1 {[%clk 1:06:34]}
16... b5 {[%clk 1:04:24]} 17. Nd2 {[%clk 1:06:39]} 17... Rfd8 {[%clk 1:01:53]}
18. Ndf3 {[%clk 1:03:34]} 18... Nd5 {[%clk 0:56:58]} 19. Nd2 {[%clk 0:55:11]}
19... Rac8 {[%clk 0:44:20]} 20. Nef3 {[%clk 0:44:14]} 20... c5 {[%clk 0:34:32]}
21. Rfe1 {[%clk 0:30:51]} 21... Nc6 {[%clk 0:29:45]} 22. Nf1 {[%clk 0:28:56]}
22... Nxe3 {[%clk 0:24:25]} 23. fxe3 {[%clk 0:28:33]} 23... cxd4 { [%clk
0:21:40]} 24. exd4 {[%clk 0:28:47]} 24... Qb6 {[%clk 0:21:44]} 25. Qe4 { [%clk
0:27:22]} 25... Bf6 {[%clk 0:21:04]} 26. Kh1 {[%clk 0:27:45]} 26... Nxd4 {[%clk
0:21:06]} 27. N1d2 {[%clk 0:27:20]} 27... Nxe2 {[%clk 0:17:09]} 28. Rxe2 {[%clk
0:26:41]} 28... h6 {[%clk 0:15:25]} 29. Qc2 {[%clk 0:23:18]} 29... b4 { [%clk
0:07:46]} 30. Rde1 {[%clk 0:21:58]} 30... a5 {[%clk 0:04:15]} 31. Ne4 { [%clk
0:21:42]} 31... Bg4 {[%clk 0:04:07]} 32. Nxf6+ {[%clk 0:20:48]} 32... Qxf6
{[%clk 0:04:31]} 33. Re3 {[%clk 0:21:10]} 33... Qf5 {[%clk 0:04:18]} 34. Qa4
{[%clk 0:21:01]} 34... Rd3 {[%clk 0:04:02]} 35. Nh4 {[%clk 0:20:43]} 35... Rxe3
{[%clk 0:04:11]} 0-1

[Event "ODJM B 2018"]
[Site "Willingen GER"]
[Date "2018.05.23"]
[Round "6"]
[White "Arnold, Leander"]
[Black "Limberg, Thomas"]
[Result "1/2-1/2"]
[Termination "normal"]
[Board "11"]
[WhiteElo "1808"]
[BlackElo "1647"]
[WhiteClock "00:15:44"]
[BlackClock "00:20:26"]
[PlyCount "41"]
[WhiteFideId "12990230"]
[BlackFideId "16226755"]
[EventCountry "GER"]
[EventRounds "9"]
[EventType "swiss"]
[EventDate "2018.05.19"]

1. Nf3 {[%clk 1:30:57]} 1... Nf6 {[%clk 1:30:46]} 2. c4 {[%clk 1:31:21]} 2...
g6 {[%clk 1:30:46]} 3. b3 {[%clk 1:31:29]} 3... Bg7 {[%clk 1:30:24]} 4. Bb2 {
[%clk 1:31:53]} 4... O-O {[%clk 1:29:13]} 5. g3 {[%clk 1:31:53]} 5... c6 {
[%clk 1:29:14]} 6. Bg2 {[%clk 1:30:56]} 6... d5 {[%clk 1:29:35]} 7. O-O { [%clk
1:29:32]} 7... Re8 {[%clk 1:24:00]} 8. d3 {[%clk 1:13:41]} 8... Nbd7 { [%clk
1:16:04]} 9. Qc2 {[%clk 1:03:37]} 9... e6 {[%clk 1:10:09]} 10. Nbd2 { [%clk
0:58:06]} 10... b6 {[%clk 1:05:18]} 11. cxd5 {[%clk 0:39:31]} 11... cxd5 {[%clk
1:02:31]} 12. Rac1 {[%clk 0:36:45]} 12... Ba6 {[%clk 1:00:23]} 13. Qb1 { [%clk
0:35:58]} 13... Rc8 {[%clk 0:40:02]} 14. Qa1 {[%clk 0:32:51]} 14... Nh5 { [%clk
0:34:11]} 15. Nd4 {[%clk 0:27:08]} 15... Nc5 {[%clk 0:26:11]} 16. N4f3 { [%clk
0:21:13]} 16... Nd7 {[%clk 0:25:17]} 17. Bxg7 {[%clk 0:20:36]} 17... Nxg7
{[%clk 0:25:40]} 18. Nd4 {[%clk 0:21:01]} 18... Qf6 {[%clk 0:23:15]} 19. N2f3 {
[%clk 0:19:34]} 19... Ne5 {[%clk 0:21:21]} 20. Qb1 {[%clk 0:15:44]} 20... Nxf3+
{[%clk 0:20:26]} 21. Nxf3 1/2-1/2

[Event "ODJM B 2018"]
[Site "Willingen GER"]
[Date "2018.05.23"]
[Round "6"]
[White "Thorz, Maximilian"]
[Black "Klühs, Gustaf"]
[Result "0-1"]
[Termination "normal"]
[Board "13"]
[WhiteElo "1639"]
[BlackElo "1740"]
[PlyCount "56"]
[WhiteFideId "16220668"]
[BlackFideId "16228936"]
[EventCountry "GER"]
[EventRounds "9"]
[EventType "swiss"]
[EventDate "2018.05.19"]

1. d4 Nf6 2. c4 g6 3. Nc3 Bg7 4. e4 d6 5. f4 O-O 6. e5 Nfd7 7. Nf3 c5 8. Be3
cxd4 9. Bxd4 dxe5 10. Bxe5 Nxe5 11. Nxe5 Nd7 12. Qe2 Nxe5 13. fxe5 Qa5 14.
O-O-O Bf5 15. Rd5 Bh6+ 16. Kd1 Rfd8 17. Ke1 Rxd5 18. cxd5 Rd8 19. Qb5 Qc7 20.
Bd3 Qxe5+ 21. Kd1 Qe3 22. Kc2 Qd2+ 23. Kb3 Bxd3 24. Qxb7 Bc2+ 25. Ka3 Bf8 26.
Kb4 Qd4+ 27. Ka5 Rxd5+ 28. Nb5 Qa4# 0-1

[Event "ODJM B 2018"]
[Site "Willingen GER"]
[Date "2018.05.23"]
[Round "6"]
[White "Knerr, Sebastian"]
[Black "Werner, Tom"]
[Result "1/2-1/2"]
[Termination "normal"]
[Board "14"]
[WhiteElo "1742"]
[BlackElo "1615"]
[PlyCount "57"]
[WhiteFideId "16266013"]
[BlackFideId "16223756"]
[EventCountry "GER"]
[EventRounds "9"]
[EventType "swiss"]
[EventDate "2018.05.19"]

1. d4 e6 2. c4 d5 3. Nc3 Nf6 4. Bf4 Bb4 5. e3 O-O 6. Bd3 b6 7. a3 Bxc3+ 8. bxc3
Bb7 9. Nf3 Nbd7 10. O-O h6 11. h3 c5 12. Rb1 cxd4 13. cxd4 Rc8 14. Bd6 Re8 15.
c5 Bc6 16. cxb6 Nxb6 17. Bh2 Qe7 18. Qb3 Ba4 19. Qb4 Qxb4 20. Rxb4 Rc3 21. Rxa4
Nxa4 22. Bb5 Rec8 23. Bxa4 Rxa3 24. Bd1 Ra1 25. Nd2 Ra2 26. Nb3 Nd7 27. Bd6 Rc6
28. Bc5 Nxc5 29. Nxc5 1/2-1/2

[Event "ODJM B 2018"]
[Site "Willingen GER"]
[Date "2018.05.23"]
[Round "6"]
[White "Schmidt, Arne"]
[Black "Mainka, Irmin"]
[Result "1-0"]
[Termination "normal"]
[Board "15"]
[WhiteElo "1727"]
[BlackElo "1415"]
[PlyCount "77"]
[WhiteFideId "16263154"]
[BlackFideId "16248457"]
[EventCountry "GER"]
[EventRounds "9"]
[EventType "swiss"]
[EventDate "2018.05.19"]

1. Nf3 Nc6 2. d4 d5 3. c4 e6 4. Nc3 Bb4 5. cxd5 exd5 6. Qc2 Nf6 7. Bg5 Bg4 8.
Ne5 Nxd4 9. Qd3 Bf5 10. Qxd4 c5 11. Qf4 d4 12. O-O-O Bxc3 13. bxc3 Be6 14. c4
Qa5 15. Qd2 Qa3+ 16. Qb2 Qxb2+ 17. Kxb2 Ne4 18. Bh4 f6 19. Nf3 g5 20. Bg3 h5
21. h4 g4 22. Nd2 Nc3 23. Rc1 f5 24. e3 Rc8 25. Be5 Rg8 26. exd4 cxd4 27. Bxd4
Na4+ 28. Kb1 Rd8 29. Nb3 f4 30. Bd3 Kf7 31. Rhe1 b5 32. cxb5 Bxb3 33. Rc7+ Kf8
34. axb3 Rxd4 35. Bc4 Nc3+ 36. Kc2 Nd5 37. Rc5 Rxc4+ 38. bxc4 Nb4+ 39. Kc3 1-0

[Event "ODJM B 2018"]
[Site "Willingen GER"]
[Date "2018.05.23"]
[Round "6"]
[White "von Rosen, Jakob"]
[Black "Zieringer, Sebastian"]
[Result "1/2-1/2"]
[Termination "normal"]
[Board "16"]
[WhiteElo "1700"]
[BlackElo "1751"]
[PlyCount "61"]
[WhiteFideId "12982989"]
[BlackFideId "16222008"]
[EventCountry "GER"]
[EventRounds "9"]
[EventType "swiss"]
[EventDate "2018.05.19"]

1. e4 e5 2. Nf3 Nc6 3. Bc4 Nf6 4. d3 Bc5 5. O-O d6 6. c3 Bd7 7. Bb3 Qe7 8. Nbd2
O-O-O 9. Bc2 h6 10. b4 Bb6 11. a4 a5 12. b5 Nb8 13. Nc4 g5 14. Nxb6+ cxb6 15.
Be3 Kc7 16. Nd2 Be6 17. d4 Rhg8 18. Qe2 Nbd7 19. c4 exd4 20. Bxd4 Ng4 21. Nf3
f6 22. Bd3 Nge5 23. Nxe5 dxe5 24. Bb2 Nc5 25. Rfd1 Rd6 26. Bc2 Rgd8 27. Rxd6
Rxd6 28. Rd1 Qd8 29. Rxd6 Qxd6 30. f3 Qd7 31. g4 1/2-1/2

[Event "ODJM B 2018"]
[Site "Willingen GER"]
[Date "2018.05.23"]
[Round "6"]
[White "Seinsoth, Paul"]
[Black "Jenner, Meikel"]
[Result "0-1"]
[Termination "normal"]
[Board "17"]
[WhiteElo "1482"]
[BlackElo "1679"]
[PlyCount "92"]
[WhiteFideId "12994634"]
[BlackFideId "16245342"]
[EventCountry "GER"]
[EventRounds "9"]
[EventType "swiss"]
[EventDate "2018.05.19"]

1. e4 c5 2. Nf3 g6 3. d4 cxd4 4. Nxd4 Nc6 5. Nc3 Bg7 6. Be3 Nf6 7. Bc4 Qa5 8.
f3 Qb4 9. Bb3 Nxe4 10. Nxc6 Bxc3+ 11. bxc3 Qxc3+ 12. Ke2 dxc6 13. Bd4 e5 14.
Bxc3 Nxc3+ 15. Kf2 Nxd1+ 16. Raxd1 O-O 17. Rhe1 Re8 18. f4 e4 19. Re3 Kg7 20.
h3 Re7 21. Rde1 f5 22. g4 Be6 23. gxf5 gxf5 24. Rg1+ Kf6 25. Bxe6 Rxe6 26. Reg3
Re7 27. Ke3 Rf8 28. Rg5 Rff7 29. h4 Rg7 30. Rd1 Rxg5 31. hxg5+ Ke6 32. Rh1 Kd5
33. Rh6 Rf7 34. c3 b5 35. a3 a5 36. Kd2 c5 37. Ra6 a4 38. Rb6 Rd7 39. Rf6 Kc4+
40. Ke2 Rd5 41. Rf7 Kxc3 42. Rxh7 b4 43. axb4 cxb4 44. Rh8 a3 45. g6 Rd2+ 46.
Ke3 Rg2 0-1

[Event "ODJM B 2018"]
[Site "Willingen GER"]
[Date "2018.05.23"]
[Round "6"]
[White "Kublanov, Elizabeth"]
[Black "Strack, Patrick"]
[Result "0-1"]
[Termination "normal"]
[Board "18"]
[WhiteElo "1579"]
[BlackElo "1742"]
[PlyCount "78"]
[WhiteFideId "12944564"]
[BlackFideId "16266021"]
[EventCountry "GER"]
[EventRounds "9"]
[EventType "swiss"]
[EventDate "2018.05.19"]

1. d4 d5 2. Nf3 Nf6 3. e3 e6 4. Bd3 c5 5. b3 Nc6 6. O-O b6 7. Bb2 Bb7 8. Nbd2
Bd6 9. Ne5 Qc7 10. f4 h6 11. Ndf3 Nd7 12. Nxd7 Qxd7 13. Ne5 Nxe5 14. dxe5 Bc7
15. Qg4 h5 16. Qg5 Bc6 17. f5 Qe7 18. Qxg7 O-O-O 19. fxe6 Rhg8 20. Qxf7 Qg5 21.
Qf3 Bxe5 22. Bf5 Bxb2 23. e7+ Rd7 24. Bxd7+ Kxd7 25. Qh3+ Kxe7 26. Rae1 Bc3 27.
Rf5 Qg6 28. Ref1 Rg7 29. Rf8 Qg4 30. Qxg4 hxg4 31. Rc8 Kd6 32. e4 Bd4+ 33. Kh1
dxe4 34. Rd1 e3 35. Re1 Rf7 36. Rg8 e2 37. Rd8+ Kc7 38. Rxd4 Rf1+ 39. Rxf1
exf1=Q# 0-1